00765nam a2200217 a 450000100060000000300080000600500170001400800410003103500190007204000260009104100080011708200260012510000380015124500600018926000350024930000210028460000900030565000500039565000500044565000520049585015BD-RjUL20250619142400.0250619s1969 nyua 000 0 eng d a(BD-RjUL)85015 aANLbengcANLdBD-RjU aeng04a818.303bTHW 19692211 aThoreau, Henry David,d1817-1862.10aWalden, or, Life in the woods /cby Henry David Thoreau a N.Y. :bA menter books,c1969 a221 p. :c19 cm. aThoreau, Henry David, d 1817-1862 xHomes and hauntsz Massachusetts. Walden Woods  aAuthors, American v Biographyy19th century  aNatural history zMassachusettszWalden Woods aWalden Woods (Mass.) xSocial life and customs.